Taxation of savings deal (Record no. 117433)

MARC details
000 -LEADER
fixed length control field 00977cam a2200253 4500
001 - CONTROL NUMBER
control field WB4021-18
008 - FIXED-LENGTH DATA ELEMENTS--GENERAL INFORMATION
fixed length control field 040601n2004 000 0 eng u
035 ## - SYSTEM CONTROL NUMBER
System control number (Sirsi) u126350
245 ## - TITLE STATEMENT
Title Taxation of savings deal
260 ## - PUBLICATION, DISTRIBUTION, ETC.
Date of publication, distribution, etc. 2004
490 ## - SERIES STATEMENT
Series statement RICS Brussels Briefing
Volume/sequential designation 31 May 2004 (1)
520 ## - SUMMARY, ETC.
Summary, etc. EU and Swiss leaders have endorsed a long-awaited deal on offshore tax fraud that will in return see Switzerland going into the EU's passport-free Schengenzone. The agreement to tax secret bank accounts held in Switzerland by EU residents will be signed in August 2004. The Swiss government has also agreed to cooperate more with the EU in fighting customs fraud and money laundering.
590 ## - LOCAL NOTE (RLIN)
Local note WB
590 ## - LOCAL NOTE (RLIN)
Local note WB
650 ## - SUBJECT ADDED ENTRY--TOPICAL TERM
Topical term or geographic name entry element OFFSHORE TAX HAVENS
650 ## - SUBJECT ADDED ENTRY--TOPICAL TERM
Topical term or geographic name entry element SWITZERLAND
650 ## - SUBJECT ADDED ENTRY--TOPICAL TERM
Topical term or geographic name entry element EUROPEAN UNION
650 ## - SUBJECT ADDED ENTRY--TOPICAL TERM
Topical term or geographic name entry element SAVINGS
650 ## - SUBJECT ADDED ENTRY--TOPICAL TERM
Topical term or geographic name entry element BANK ACCOUNTS
650 ## - SUBJECT ADDED ENTRY--TOPICAL TERM
Topical term or geographic name entry element CUSTOMS FRAUD
650 ## - SUBJECT ADDED ENTRY--TOPICAL TERM
Topical term or geographic name entry element MONEY LAUNDERING
690 ## - LOCAL SUBJECT ADDED ENTRY--TOPICAL TERM (OCLC, RLIN)
Topical term or geographic name as entry element TAXATION
942 ## - ADDED ENTRY ELEMENTS (KOHA)
Suppress in OPAC 0
Holdings
Withdrawn status Lost status Source of classification or shelving scheme Damaged status Not for loan Home library Current library Shelving location Date acquired Total Checkouts Full call number Barcode Date last seen Copy number Price effective from Koha item type
    Dewey Decimal Classification     London London News article 01/06/2004   WB4021-18 126350-1001 06/08/2019 1 06/08/2019 News article